01119cam a2200265 a 4500999001500000001000600015003000900021005001700030008004100047020001500088040002800103082002200131245013200153250001200285260005600297300004100353504006400394520013600458650006200594700002000656700001900676700002600695942001200721952012000733 c7516d751612430BD-DhUAP20210123161315.0210123s1997 bg ab bc 101 0 eng  z9843003114 aDLCcDLCbengdBD-DhUAP 223a720.95492 PUN00aPundranagar to Sherebanglanagar :barchitecture in Bangladesh /cedited by Saif Ul Haque, Raziul Ahsan and Kazi Khaleed Ashraf. a1st ed. aDhaka :bChetana Sthapatya Unnoyon Society,cc1997. a206 pages :billustrations ;c27 cm. aIncludes bibliographical references (p. 202-203) and index. aCollection of exhibition of drawings and photographs organized by the Chetana Sthapadya Unnoyon Society at National Museum in 1997. 0aArchitecturezBangladeshvDesigns and plansvExhibitions.1 aHaque, Saif Ul.1 aAhsan, Raziul.1 aAshraf, Kazi Khaleed. 2ddccBK 00102ddc4070aUAPCLbUAPCLcGeneral Stacksd2021-01-23o720.95492 PUNp3010012430r2021-01-23t1w2021-01-23yBK